000 00689nam a2200253Ia 4500
003 OSt
005 20220924114744.0
006 a|||||r|||| 00| 0
007 ta
008 220923b |||||||| |||| 00| 0 ara d
020 _a9770207039
024 _a254619
037 _cTextual
040 _aARTS
_cARTS
_bara
041 _2ara
_aara
082 _aO28vN5, M3
100 _aZaif Shooqi Au.
_9175188
245 0 _aTarikh-al-adab-al-Arabi asr-al-daul wa-al-imarat
260 _aCairo
_bDar-al-ma'arif Egypt
_c1983
300 _a684p.
_ccm.
650 _aARABIC LITERATURE
942 _hO28vN5, M3
_cTEXL
_2CC
999 _c395124
_d395124